000 00829nam a22001577a 4500
999 _c2716
_d2716
020 _a0273646206
020 _a9780273646204
050 _aHD2326
_b.53
100 _aJohn Lipczynski;
245 _aIndustrial organisation : an analysis of competing markets
_cJohn Lipczynski; John Wilson
260 _aHarlow, England ; New York :
_bFinancial Times Prentice Hall,
_c 2001.
300 _axii, 477 pages :
_b illustrations ;
_c25 cm
500 _aIncludes index.
505 _a Industrial organization : an introduction. -- Oligopoly. -- Collusion. -- Concentration. -- Barriers to entry. -- Market structure and profitability : a review of the empirical evidence. -- Advertising. -- Innovation. -- Vertical relationships. -- Diversification. -- Competition policy. -- Privatisation and regulation.
942 _cBK